| 000 | 00405nam a2200145Ia 4500 | ||
|---|---|---|---|
| 008 | 100415s9999 xx 000 0 und d | ||
| 082 |
_b2235 _a581.62 |
||
| 100 | _aRoland Arthur | ||
| 245 | _aFarming for Pleasure and Profit | ||
| 260 |
_aLONDON _c1880 _bCHAPMAN AND HALL LTD. |
||
| 365 | _b0 | ||
| 630 | _aFarming for Pleasure and Profit | ||
| 730 | _aFarming for Pleasure and Profit | ||
| 942 | _cBOOK | ||
| 999 |
_c585252 _d585249 |
||